| 000 | 00536nam a2200157 4500 | ||
|---|---|---|---|
| 001 | 143462 | ||
| 003 | ES-MaACL | ||
| 005 | 20230906200824.0 | ||
| 007 | t| | ||
| 008 | 070214s1924 sp r ||||1| spa d | ||
| 100 | 1 |
_aSerrat y de Argila, Antonio. _9105818 |
|
| 245 | 1 | 3 |
_aLa orientación y las creencias según nuestro temperamento religioso o racionalista / _cAntonio Serrat y de Argila. |
| 260 |
_aMadrid : _b[s. n.], _c1924 ( _fImp. Ministerio de Marina) |
||
| 300 |
_a41 p. ; _c19 x 13 cm. |
||
| 852 |
_aES-MaACL _j1684-F-11 _bR.5142 |
||
| 999 |
_c143462 _d143462 |
||